000 00315nam a2200133 i 4500
001 bg
100 1 _aKRAUS, A. D.
245 0 _aOchlazdenie elektronnogo oborudowanija /
_cA.D. Kraus.
260 _aLeningrad,
_c1971.
040 _cBPK
041 _apol
942 _cKS
008 s pl f |000 0 pol
999 _c14929
_d14929
856 _uhttp://koha.tu.koszalin.pl/cgi-bin/koha/opac-detail.pl?biblionumber=14929
_yKatalog online BPK